000 00750nam a2200265Ia 4500
003 OSt
005 20220925191328.0
006 a|||||r|||| 00| 0
007 ta
008 220923b |||||||| |||| 00| 0 eng d
037 _cGeneral Book
040 _aRTL
_cRTL
_beng
041 _2eng
_aeng
082 _aY57p2,N57, J8
110 _aSeminar on Slum Clearance (Bombay)
_9241588
245 0 _aReport
260 _aBombay
_bI C S W
_c1958
300 _aviii, 324p
_ccm.
490 _aIndian Conference of Social Work , Publication
500 _aAppendix P199-324
650 _aSlums
_9241589
700 _aSeminar on Slum Clearance (Bombay)
_9241590
942 _hY57p2,N57, J8
_cGB
_2CC
999 _c518040
_d518040